[Event "The Sound of Silence"]
[Site "SchemingMind.com"]
[Date "2009.12.26"]
[Round "-"]
[White "agoodhobby"]
[Black "BigDaddy"]
[Result "1-0"]
[WhiteCountry "USA"]
[BlackCountry "AUT"]
[WhiteElo "1529"]
[WhiteRD "59"]
[BlackElo "1336"]
[BlackRD "50"]
[GameID "232461"]

1. e4 c5 2. Nf3 e6 3. d4 cxd4 4. Nxd4 Nc6 5. Nc3 Bb4 6. Nb5 Bxc3+ 7. Nxc3 Nf6 8. a3 O-O 9. Bc4 Ne5 10. Be2 d5
11. Bg5 d4 12. Bxf6 Qxf6 13. Qxd4 Nd7 14. Qxf6 Nxf6 15. O-O-O e5 16. Nd5 Nxd5 17. exd5 Bf5 18. g4 Be4 19. f3 Bg6 20. Bd3 Bxd3
21. Rxd3 Rfe8 22. d6 Rad8 23. Re1 f6 24. h4 h6 25. b4 Rd7 26. c4 Red8 27. c5 Kf7 28. Kd2 Ke6 29. Ke3 Rf7 30. Ke4 Rdd7
31. f4 f5+ 32. Kf3 e4+ 33. Kg3 Rf6 34. gxf5+ Rxf5 35. Rxe4+ Kf7 36. Rde3 Kg8 37. Re7 Rf7 38. Kg4 Kf8 39. Rxd7 Rxd7 40. Kh5 Rf7
41. Kg6 Rf6+ 42. Kh5 Rf5+ 43. Kg6 Rf6+ 44. Kh5 Rf5+ 45. Kg4 Rd5 46. Re7 h5+ 47. Kf3 Rd3+ 48. Ke4 Rxa3 49. Rxb7 Ra4 50. Ke5 Ra3
51. Kd5 Rd3+ 52. Kc6 Rd4 53. d7 Ke7 54. b5 Kd8 55. Rxa7 Rxf4 56. Ra8+ Ke7 57. d8=Q+ Ke6 58. Qd6+ Kf5 59. Rf8+ Kg4 60. Qxf4+ Kh3
61. Qg5 Kh2 62. Rf2+ Kh1 63. Qg2#
1-0

[Event "The Sound of Silence"]
[Site "SchemingMind.com"]
[Date "2009.12.26"]
[Round "-"]
[White "BigDaddy"]
[Black "agoodhobby"]
[Result "0-1"]
[WhiteCountry "AUT"]
[BlackCountry "USA"]
[WhiteElo "1336"]
[WhiteRD "50"]
[BlackElo "1529"]
[BlackRD "59"]
[GameID "232462"]

1. e4 c5 2. Nf3 e6 3. d4 cxd4 4. Nxd4 Nc6 5. Nc3 Qc7 6. g3 a6 7. Bg2 Nf6 8. O-O Be7 9. Nf3 O-O 10. Qe2 h6
11. Bd2 Ne5 12. Nxe5 Qxe5 13. f4 Qc5+ 14. Be3 Qc7 15. e5 Nd5 16. Bxd5 exd5 17. Nxd5 Qd8 18. Nxe7+ Qxe7 19. Qg4 d6 20. f5 Qxe5
21. Bxh6 Qf6 22. Qg5 Qxh6 23. Qxh6 gxh6 24. f6 Re8 25. Rfe1 Re6 26. Rf1 Kh7 27. Rf2 Kg6 28. Raf1 b5 29. b4 Bb7 30. h4 Rc8
31. Rf4 Be4 32. Rg4+ Kh5 33. Rg5+ hxg5 34. hxg5 Kxg5 35. Rf4 Rxc2 36. a3 Bd3
0-1

[Event "The Sound of Silence"]
[Site "SchemingMind.com"]
[Date "2009.12.29"]
[Round "-"]
[White "nammy"]
[Black "agoodhobby"]
[Result "0-1"]
[WhiteCountry "ENG"]
[BlackCountry "USA"]
[WhiteElo "861"]
[WhiteRD "53"]
[BlackElo "1529"]
[BlackRD "59"]
[GameID "232805"]

1. e4 c5 2. Nf3 e6 3. d4 cxd4 4. Nxd4 Nc6 5. Nc3 Nf6 6. Nf3 Bb4 7. a3 Ba5 8. b4 Bb6 9. Qd2 O-O 10. g4 Nxg4
11. h3 Bxf2+ 12. Ke2 Be3 13. Qd3 Nf2 14. Rh2 Nxd3 15. Kxd3 Bxc1 16. Rxc1 d5 17. e5 Qb6 18. Rg2 f6 19. b5 fxe5 20. Na4 Qxb5+
21. Kd2 Qxa4 22. Ne1 Qd4+ 23. Bd3 e4 24. Rg3 exd3 25. cxd3 e5 26. Ke2 Rf2+ 27. Kd1 Bg4+ 28. hxg4 Qb2 29. Rc5 Qd2#
0-1

[Event "The Sound of Silence"]
[Site "SchemingMind.com"]
[Date "2009.12.29"]
[Round "-"]
[White "nammy"]
[Black "BigDaddy"]
[Result "0-1"]
[WhiteCountry "ENG"]
[BlackCountry "AUT"]
[WhiteElo "885"]
[WhiteRD "57"]
[BlackElo "1331"]
[BlackRD "51"]
[GameID "232806"]

1. e4 c5 2. Nf3 e6 3. d4 cxd4 4. Nxd4 Nc6 5. Nc3 Bb4 6. a3 Bxc3+ 7. bxc3 Nxd4 8. cxd4 d5 9. e5 Ne7 10. Rb1 O-O
11. Be2 Nc6 12. Be3 Bd7 13. c3 Ne7 14. c4 Bc6 15. Rg1 Ng6 16. g3 Qa5+ 17. Bd2 Qxa3 18. Bh5 Qe7 19. Bf3 f6 20. h4 fxe5
21. Rc1 Qf7 22. Be3 e4 23. Bg4 Qe7 24. f3 exf3 25. Rf1 Qf7 26. h5 Ne7 27. Bxf3 dxc4 28. Rxc4 Nf5 29. Bf2 Nd6 30. Rb4 Bxf3
31. Qd3 Bxh5 32. Rg1 Qxf2#
0-1

[Event "The Sound of Silence"]
[Site "SchemingMind.com"]
[Date "2009.12.29"]
[Round "-"]
[White "agoodhobby"]
[Black "nammy"]
[Result "0-1"]
[WhiteCountry "USA"]
[BlackCountry "ENG"]
[WhiteElo "1529"]
[WhiteRD "59"]
[BlackElo "861"]
[BlackRD "53"]
[GameID "232807"]

1. e4 c5 2. Nf3 e6 3. d4 cxd4 4. Nxd4 Nc6 5. Nc3 Nxd4 6. Qxd4 f6 7. Bc4 Ne7 8. Be3 h6 9. O-O-O Nc6 10. Qd3 Na5
11. Bxe6 g6 12. f4 Rh7 13. Nd5 dxe6 14. Qb5+ Bd7 15. Nxf6+ Qxf6 16. Qxa5 b6 17. Qd2 Qe7 18. g4 h5 19. h3 Rd8 20. f5 Rc8
21. Bg5 Qf7 22. Rhf1 a5 23. fxg6 Qxg6 24. Qxd7+ Rxd7 25. Rf6 Qxg5+ 26. Kb1 Qxf6 27. Rxd7 Kxd7 28. a3 Qf1+ 29. Ka2 Rxc2 30. g5 Qxh3
31. g6 Rg2 32. e5 Rxg6 33. a4 Rg1 34. b3 Qg2#
0-1

[Event "The Sound of Silence"]
[Site "SchemingMind.com"]
[Date "2009.12.29"]
[Round "-"]
[White "BigDaddy"]
[Black "nammy"]
[Result "1-0"]
[WhiteCountry "AUT"]
[BlackCountry "ENG"]
[WhiteElo "1336"]
[WhiteRD "50"]
[BlackElo "861"]
[BlackRD "53"]
[GameID "232808"]

1. e4 c5 2. Nf3 e6 3. d4 cxd4 4. Nxd4 Nc6 5. Nc3 Nxd4 6. Qxd4 Ne7 7. Bg5 h6 8. Bxe7 Bxe7 9. Qxg7 Rf8 10. Qxh6 Rg8
11. g3 d6 12. Bb5+ Bd7 13. Bxd7+ Qxd7 14. O-O d5 15. Qh7 Rf8 16. Qh6 Qc6 17. Qf4 Qc4 18. Qf3 f5 19. e5 b6 20. b3 Bb4
21. Na4 Qxc2 22. Rfc1 Qd2 23. Rd1 Qc2 24. Qd3 Qc7 25. Qb5+ Kf7 26. Qxb4 Qxe5 27. Qf4 Qf6 28. h4 b5 29. Nc5 Rac8 30. Nd7 Qd8
31. Nxf8 Rc6 32. Qh6 Ra6 33. Re1 Ra3 34. Rxe6 Qc8 35. Rae1 Rxa2 36. Re7+ Kg8 37. Qg7#
1-0

[Event "The Sound of Silence"]
[Site "SchemingMind.com"]
[Date "2010.01.02"]
[Round "-"]
[White "lemmie"]
[Black "agoodhobby"]
[Result "1-0"]
[WhiteCountry "NED"]
[BlackCountry "USA"]
[WhiteElo "1630"]
[WhiteRD "48"]
[BlackElo "1529"]
[BlackRD "59"]
[GameID "233071"]

1. e4 c5 2. Nf3 e6 3. d4 cxd4 4. Nxd4 Nc6 5. Nc3 a6 6. Nxc6 bxc6 7. Bd3 Bb4 8. Bd2 Nf6 9. a3 Ba5 10. O-O O-O
11. h3 d5 12. exd5 cxd5 13. Ne2 Bxd2 14. Qxd2 a5 15. Ng3 Qb6 16. Rab1 Ba6 17. Kh1 Bxd3 18. Qxd3 Rfb8 19. f4 Nd7 20. Nh5 Nc5
21. Qg3 g6 22. Nf6+ Kg7 23. Qh4 h6 24. Ng4 h5 25. Qf6+ Kf8 26. Ne5 Ra7 27. Nxg6+ Kg8 28. Qh8#
1-0

[Event "The Sound of Silence"]
[Site "SchemingMind.com"]
[Date "2010.01.02"]
[Round "-"]
[White "lemmie"]
[Black "nammy"]
[Result "1-0"]
[WhiteCountry "NED"]
[BlackCountry "ENG"]
[WhiteElo "1630"]
[WhiteRD "48"]
[BlackElo "861"]
[BlackRD "53"]
[GameID "233072"]

1. e4 c5 2. Nf3 e6 3. d4 cxd4 4. Nxd4 Nc6 5. Nc3 Ne5 6. f4 Nc4 7. Bxc4 Bc5 8. Nde2 d6 9. a3 Bd7 10. Bd2 Bc6
11. b4 Bb6 12. Bb3 Nf6 13. Ng3 d5 14. e5 Nd7 15. Na4 Bd4 16. c3 Bb6 17. Nxb6 Nxb6 18. O-O Nd7 19. Qg4 Nb6 20. Qxg7 Ke7
21. Nh5 Rc8 22. Qf6+ Kd7 23. Qxf7+ Qe7 24. Nf6+ Kc7 25. Qxe7+ Kb8 26. a4 Rhg8 27. Nxg8 Rxg8 28. Qxe6 Na8 29. Qxg8+ Kc7 30. Qxa8 a6
31. f5 h5 32. Bf4 h4 33. a5 Kd7 34. e6+ Ke7 35. Qg8 Bb5 36. Qf7+ Kd8 37. Bxd5 Bd3 38. Qf8#
1-0

[Event "The Sound of Silence"]
[Site "SchemingMind.com"]
[Date "2010.01.02"]
[Round "-"]
[White "lemmie"]
[Black "BigDaddy"]
[Result "1-0"]
[WhiteCountry "NED"]
[BlackCountry "AUT"]
[WhiteElo "1630"]
[WhiteRD "48"]
[BlackElo "1336"]
[BlackRD "50"]
[GameID "233073"]

1. e4 c5 2. Nf3 e6 3. d4 cxd4 4. Nxd4 Nc6 5. Nc3 Bb4 6. Bd2 Bxc3 7. Bxc3 e5 8. Nxc6 bxc6 9. Bxe5 Nf6 10. Bd3 O-O
11. O-O d6 12. Bxf6 Qxf6 13. Qh5 h6 14. b3 Be6 15. h3 Qg5 16. Qxg5 hxg5 17. Rad1 g4 18. h4 g6 19. Be2 Rad8 20. c4 c5
21. Rd3 Rd7 22. Rfd1 Rfd8 23. Rg3 f5 24. exf5 Bxf5 25. Bxg4 Bxg4 26. Rxg4 Rg7 27. Rd5 Re8 28. Rxd6 Re1+ 29. Kh2 Kh7 30. Rc6 Re5
31. f3 Kh6 32. Kg3 Rh5 33. f4 Kh7 34. Rg5 Kh6 35. Rcxc5 a6 36. Kh3 Rxg5 37. hxg5+ Kh5 38. Re5 Rf7 39. g4#
1-0

[Event "The Sound of Silence"]
[Site "SchemingMind.com"]
[Date "2010.01.02"]
[Round "-"]
[White "agoodhobby"]
[Black "lemmie"]
[Result "0-1"]
[WhiteCountry "USA"]
[BlackCountry "NED"]
[WhiteElo "1529"]
[WhiteRD "59"]
[BlackElo "1630"]
[BlackRD "48"]
[GameID "233074"]

1. e4 c5 2. Nf3 e6 3. d4 cxd4 4. Nxd4 Nc6 5. Nc3 Bb4 6. Nb5 h6 7. Bc4 a6 8. Nd6+ Bxd6 9. O-O Qc7 10. f4 Nge7
11. g4 b5 12. Bd3 O-O 13. h4 Ng6 14. e5 Bc5+ 15. Kg2 Nxh4+ 16. Kh3 Ng6 17. Ne4 Be7 18. g5 hxg5 19. fxg5 Ncxe5 20. Bf4 Qd8
21. Qh5 Nxf4+ 22. Rxf4 f6 23. Rh1 fxg5 24. Kg2 Rxf4 25. Qh8+ Kf7 26. Nd6+ Kf6 27. Rh6+ Ng6 28. Ne8+ Ke5 29. Qxg7+ Bf6 30. Qxg6 Bb7+
31. Kg3 Qxe8 32. Qh7 Rf3+ 33. Kg4 Rf4+ 34. Kg3 Rd8 35. Rh2 Kd6 36. Bg6 Qe7 37. Rd2+ Kc7 38. Qh2 Be5
0-1

[Event "The Sound of Silence"]
[Site "SchemingMind.com"]
[Date "2010.01.03"]
[Round "-"]
[White "nammy"]
[Black "lemmie"]
[Result "0-1"]
[WhiteCountry "ENG"]
[BlackCountry "NED"]
[WhiteElo "861"]
[WhiteRD "53"]
[BlackElo "1630"]
[BlackRD "48"]
[GameID "233075"]

1. e4 c5 2. Nf3 e6 3. d4 cxd4 4. Nxd4 Nc6 5. Nc3 Bb4 6. f3 Nge7 7. a3 Bc5 8. Nb3 Bb6 9. Ne2 d6 10. c3 O-O
11. g4 f5 12. Nd2 Ne5 13. c4 fxe4 14. fxe4 Nxg4 15. Ng3 e5 16. h3 Ne3 17. Be2 Nxd1 18. Bxd1 Ng6 19. b3 Qf6 20. Nh5 Qf2#
0-1

[Event "The Sound of Silence"]
[Site "SchemingMind.com"]
[Date "2010.01.02"]
[Round "-"]
[White "BigDaddy"]
[Black "lemmie"]
[Result "0-1"]
[WhiteCountry "AUT"]
[BlackCountry "NED"]
[WhiteElo "1336"]
[WhiteRD "50"]
[BlackElo "1630"]
[BlackRD "48"]
[GameID "233076"]

1. e4 c5 2. Nf3 e6 3. d4 cxd4 4. Nxd4 Nc6 5. Nc3 d6 6. Nf3 e5 7. Bb5 Ne7 8. Bxc6+ Nxc6 9. O-O Be7 10. Nd5 O-O
11. Nxe7+ Qxe7 12. Qe2 Bg4 13. Be3 f5 14. Qc4+ Kh8 15. exf5 Rxf5 16. Qxg4 Raf8 17. Bg5 Qe8 18. Nh4 R5f7 19. Qh5 Kg8 20. Rad1 Qe6
21. b3 g6 22. Qe2 Nd4 23. Qc4 Qg4 24. Be3 Qxh4 25. Bxd4 exd4 26. g3 Qe7 27. Qxd4 Rf6 28. Qd5+ Kh8 29. Rde1 Qd7 30. Qd4 b6
31. Re3 Kg8 32. Qd5+ Kg7 33. f4 Qc7 34. Rfe1 Qc5 35. Qxc5 dxc5 36. Re7+ R8f7 37. Re8 Rd6 38. R1e7 Rd1+ 39. Kf2 Rd2+ 40. Re2 Rxe2+
41. Rxe2 Kf6 42. c4 Rd7 43. g4 h6 44. Re5 Rd4 45. g5+ hxg5 46. Rd5 gxf4 47. Rxd4 cxd4 48. Ke2 Ke5 49. h4 Ke4 50. b4 d3+
51. Kd2 f3 52. c5 bxc5 53. bxc5 f2 54. c6 f1=Q 55. c7 Qe2+ 56. Kc3 Qc2+ 57. Kb4 Qxc7
0-1

[Event "The Sound of Silence"]
[Site "SchemingMind.com"]
[Date "2009.12.31"]
[Round "-"]
[White "lame wolf"]
[Black "agoodhobby"]
[Result "0-1"]
[WhiteCountry "INT"]
[BlackCountry "USA"]
[WhiteElo "1052"]
[WhiteRD "44"]
[BlackElo "1529"]
[BlackRD "59"]
[GameID "233096"]

1. e4 c5 2. Nf3 e6 3. d4 cxd4 4. Nxd4 Nc6 5. Nc3 a6 6. Nxc6 bxc6 7. Bd3 Bc5 8. Be3 Bxe3 9. fxe3 Nf6 10. O-O Qb6
11. e5 Qxe3+ 12. Kh1 Qxe5 13. Qe2 Qxe2 14. Nxe2 d5 15. Nd4 c5 16. Nc6 Bd7 17. Ne5 c4 18. Be2 Ba4 19. b3 cxb3 20. axb3 Bd7
21. Bxa6 O-O 22. Bd3 Rxa1 23. Rxa1 Bc8 24. Ra8 Nd7 25. Nxd7 Bxd7 26. Rxf8+ Kxf8 27. c4 Ke7 28. g3 Kd6 29. Bxh7 dxc4 30. bxc4 e5
31. Kg2 Kc5
0-1

[Event "The Sound of Silence"]
[Site "SchemingMind.com"]
[Date "2010.01.02"]
[Round "-"]
[White "lame wolf"]
[Black "lemmie"]
[Result "0-1"]
[WhiteCountry "INT"]
[BlackCountry "NED"]
[WhiteElo "1052"]
[WhiteRD "44"]
[BlackElo "1630"]
[BlackRD "48"]
[GameID "233097"]

1. e4 c5 2. Nf3 e6 3. d4 cxd4 4. Nxd4 Nc6 5. Nc3 d6 6. Be3 e5 7. Bb5 Bd7 8. O-O a6 9. Bd3 exd4 10. Bxd4 Nf6
11. a3 Nxd4 12. Qd2 Be7 13. Ne2 Nxe2+ 14. Qxe2 O-O 15. b4 Bb5 16. c4 Ba4 17. Bc2 Bxc2 18. Qxc2 Re8 19. Rad1 Qc7 20. Rfe1 Bf8
21. Rd2 Rac8 22. Qb3 Qxc4 23. Qd3 Qxd3 24. Rxd3 Nxe4 25. f3 Nf6 26. a4 Rxe1+
0-1

[Event "The Sound of Silence"]
[Site "SchemingMind.com"]
[Date "2009.12.31"]
[Round "-"]
[White "lame wolf"]
[Black "nammy"]
[Result "0-1"]
[WhiteCountry "INT"]
[BlackCountry "ENG"]
[WhiteElo "1052"]
[WhiteRD "44"]
[BlackElo "861"]
[BlackRD "53"]
[GameID "233098"]

1. e4 c5 2. Nf3 e6 3. d4 cxd4 4. Nxd4 Nc6 5. Nc3 e5 6. Nxc6 Qc7 7. Nb4 a5 8. Nbd5 Qd6 9. Be3 f6 10. Bb6 Kf7
11. Bc4 Qe6 12. Nc7 Qxc4 13. Nxa8 Nh6 14. Qd3 Qe6 15. Bxa5 Qg4 16. O-O f5 17. f3 Qg6 18. Qd5+ Ke7 19. Qxe5+ Kf7 20. Nc7 Qc6
21. exf5 b6 22. Bxb6 Qxb6+ 23. Kh1 g6 24. Qxh8 Qxc7 25. fxg6+ hxg6 26. Qh7+ Kf6 27. Qh8+ Kg5 28. Qd4 Nf5 29. f4+ Kg4 30. Qd1+ Kh4
31. g3+ Kh3 32. Qf3 Nd4 33. Qg2+ Kg4 34. Rad1 Qa5 35. Rxd4 Bc5 36. a3 Bxd4 37. Qf3+ Kf5 38. Qe4+ Kf6 39. Qd5 Qa7 40. Qg5+ Ke6
41. Qxg6+ Ke7 42. a4 Qb7+ 43. Qe4+ Kd6 44. Qxb7 Bxb7+
0-1

[Event "The Sound of Silence"]
[Site "SchemingMind.com"]
[Date "2009.12.31"]
[Round "-"]
[White "lame wolf"]
[Black "BigDaddy"]
[Result "0-1"]
[WhiteCountry "INT"]
[BlackCountry "AUT"]
[WhiteElo "1052"]
[WhiteRD "44"]
[BlackElo "1336"]
[BlackRD "50"]
[GameID "233099"]

1. e4 c5 2. Nf3 e6 3. d4 cxd4 4. Nxd4 Nc6 5. Nc3 Bb4 6. Ne2 Bxc3+ 7. Nxc3 e5 8. Be3 Nf6 9. Nd5 d6 10. Nxf6+ Qxf6
11. Bb5 O-O 12. O-O Qg6 13. Be2 Bh3 14. Bf3 h5 15. Re1 Bg4 16. Bxg4 hxg4 17. g3 Qxe4 18. Rc1 Qf3 19. Qxf3 gxf3 20. c3 e4
21. b4 f5 22. b5 Ne5 23. Rc2 Kf7 24. a4 Rh8 25. c4 Ng4 26. Bf4 Rxh2 27. c5 Rah8 28. Bxd6 Rh1#
0-1

[Event "The Sound of Silence"]
[Site "SchemingMind.com"]
[Date "2009.12.31"]
[Round "-"]
[White "agoodhobby"]
[Black "lame wolf"]
[Result "1-0"]
[WhiteCountry "USA"]
[BlackCountry "INT"]
[WhiteElo "1529"]
[WhiteRD "59"]
[BlackElo "1052"]
[BlackRD "44"]
[GameID "233100"]

1. e4 c5 2. Nf3 e6 3. d4 cxd4 4. Nxd4 Nc6 5. Nc3 Nxd4 6. Qxd4 Ne7 7. Bc4 Nc6 8. Qd3 d6 9. Bf4 Be7 10. O-O-O e5
11. Bxf7+ Kxf7 12. Bg3 Rf8 13. Nd5 Kg8 14. Nxe7+ Qxe7 15. Qxd6 Qxd6 16. Rxd6 Rb8 17. f3 Rd8 18. Rxd8+ Nxd8 19. Rd1 Nf7 20. Rd5 Be6
21. Ra5 a6 22. f4 exf4 23. Bxf4 Rd8 24. h3 Bc4 25. b3 Be2 26. g4 Rd1+ 27. Kb2 Nd6 28. e5 Ne4 29. e6 Bb5 30. h4 g6
31. a4 Be8 32. Re5 Nf6 33. g5 Ng4 34. Re2 b5 35. e7 Kg7 36. Re4 h5 37. Bg3 bxa4 38. Rf4 axb3 39. Rf8
1-0

[Event "The Sound of Silence"]
[Site "SchemingMind.com"]
[Date "2010.01.02"]
[Round "-"]
[White "lemmie"]
[Black "lame wolf"]
[Result "1-0"]
[WhiteCountry "NED"]
[BlackCountry "INT"]
[WhiteElo "1630"]
[WhiteRD "48"]
[BlackElo "1052"]
[BlackRD "44"]
[GameID "233101"]

1. e4 c5 2. Nf3 e6 3. d4 cxd4 4. Nxd4 Nc6 5. Nc3 Nxd4 6. Qxd4 Nf6 7. Bg5 b6 8. Be2 Bb7 9. O-O Bc5 10. Qd3 O-O
11. h3 d5 12. e5 Be7 13. exf6 gxf6 14. Bh6 Re8 15. Qg3+
1-0

[Event "The Sound of Silence"]
[Site "SchemingMind.com"]
[Date "2009.12.31"]
[Round "-"]
[White "nammy"]
[Black "lame wolf"]
[Result "0-1"]
[WhiteCountry "ENG"]
[BlackCountry "INT"]
[WhiteElo "861"]
[WhiteRD "53"]
[BlackElo "1052"]
[BlackRD "44"]
[GameID "233102"]

1. e4 c5 2. Nf3 e6 3. d4 cxd4 4. Nxd4 Nc6 5. Nc3 Nxd4 6. Be3 Nc6 7. Qf3 Ne5 8. Qf4 Qf6 9. Qg3 Nc4 10. Bc1 Bb4
11. b3 Bxc3+ 12. Kd1 Be5 13. Qd3 Nd6 14. Rb1 Qd8 15. g3 b6 16. Ba3 f5 17. f3 Qc7 18. h4 Qc3 19. Qe2 Qd4+ 20. Ke1 Qc3+
21. Kf2 f4 22. g4 Qe3+ 23. Kg2 Qxe2+ 24. Bxe2 b5 25. c4 bxc4 26. bxc4 Ba6 27. Rbd1 Ne7 28. Rc1 Kf7 29. c5 Nb7 30. Bxa6 Rab8
31. Bb5 Rhd8 32. Ba4 d6 33. Rc4 d5 34. Rc2 Rdc8 35. g5 g6 36. Rb2 Bxb2 37. Bxb2 dxe4 38. fxe4 e5 39. Bxe5 Nxc5 40. Bc2 Rb7
41. Bxf4 Rb2 42. Rc1 Kg7 43. Be5+ Kf7 44. Bxb2 Ne6 45. Ba3 Nf4+ 46. Kf1 Rb8 47. Rd1 Nc6 48. Bb3+ Ke8 49. Ba4 Rb6 50. Rd2 Kf7
51. Rd7+ Kg8 52. Rd8+ Nxd8 53. Bb3+ Kg7 54. Bc2 Nde6 55. Bd1 Rb1 56. Bd6 Rxd1+ 57. Kf2 Rxd6 58. e5 Rd2+ 59. Kf1 h6 60. Kg1 Rxa2
61. Kf1 Nd4 62. gxh6+ Kxh6 63. Ke1 Ng2+ 64. Kf1 Nxh4 65. Ke1 Ne6 66. Kf1 a5 67. Kg1 Re2 68. Kh1 a4 69. Kg1 a3 70. Kh1 a2
71. Kg1 a1=Q#
0-1

[Event "The Sound of Silence"]
[Site "SchemingMind.com"]
[Date "2009.12.31"]
[Round "-"]
[White "BigDaddy"]
[Black "lame wolf"]
[Result "1-0"]
[WhiteCountry "AUT"]
[BlackCountry "INT"]
[WhiteElo "1336"]
[WhiteRD "50"]
[BlackElo "1052"]
[BlackRD "44"]
[GameID "233103"]

1. e4 c5 2. Nf3 e6 3. d4 cxd4 4. Nxd4 Nc6 5. Nc3 Nxd4 6. Qxd4 Ne7 7. Bg5 d5 8. Bxe7 Bxe7 9. Qxg7 Bb4 10. Qxh8+ Kd7
11. Bb5+ Kc7 12. Qe5+ Kb6 13. Qd4+ Bc5 14. Qa4 Bd7 15. Bxd7 Qh4 16. Qb5+ Kc7 17. g3 Qh3 18. Be8 Be7 19. Qd7+ Kb6 20. Qxe7 Qg2
21. O-O-O Qxf2 22. Qb4+ Kc7 23. Nb5+ Kb8 24. Qd6+ Kc8 25. Qc7#
1-0

[Event "The Sound of Silence"]
[Site "SchemingMind.com"]
[Date "2010.01.04"]
[Round "-"]
[White "Darkknight"]
[Black "lame wolf"]
[Result "0-1"]
[WhiteCountry "GER"]
[BlackCountry "INT"]
[WhiteElo "1031"]
[WhiteRD "116"]
[BlackElo "1078"]
[BlackRD "53"]
[GameID "233350"]

1. e4 c5 2. Nf3 e6 3. d4 cxd4 4. Nxd4 Nc6 5. Nc3 Nxd4 6. Qxd4 Qc7 7. Bd2 Qd6 8. Qxd6 Bxd6 9. O-O-O Ne7 10. Bg5 f6
11. Be3 e5 12. Rxd6 b6 13. Bb5 Bb7 14. Bxd7+ Kf7 15. Rhd1 Rhd8 16. Be6+ Ke8
0-1

[Event "The Sound of Silence"]
[Site "SchemingMind.com"]
[Date "2010.01.04"]
[Round "-"]
[White "Darkknight"]
[Black "agoodhobby"]
[Result "0-1"]
[WhiteCountry "GER"]
[BlackCountry "USA"]
[WhiteElo "1031"]
[WhiteRD "116"]
[BlackElo "1498"]
[BlackRD "64"]
[GameID "233351"]

1. e4 c5 2. Nf3 e6 3. d4 cxd4 4. Nxd4 Nc6 5. Nc3 a6 6. Bc4 d6 7. O-O Nf6 8. Re1 Be7 9. Nxc6 bxc6 10. e5 dxe5
11. Rxe5 Bd6
0-1

[Event "The Sound of Silence"]
[Site "SchemingMind.com"]
[Date "2010.01.02"]
[Round "-"]
[White "Darkknight"]
[Black "lemmie"]
[Result "0-1"]
[WhiteCountry "GER"]
[BlackCountry "NED"]
[WhiteElo "1031"]
[WhiteRD "116"]
[BlackElo "1633"]
[BlackRD "49"]
[GameID "233352"]

1. e4 c5 2. Nf3 e6 3. d4 cxd4 4. Nxd4 Nc6 5. Nc3 d6 6. f4 Nf6 7. Bd3 Nxd4 8. e5 dxe5 9. fxe5 Nd5 10. Nxd5 Qxd5
11. Bf4 Qxg2 12. Rf1 h6 13. Qd2 Nf3+
0-1

[Event "The Sound of Silence"]
[Site "SchemingMind.com"]
[Date "2010.01.04"]
[Round "-"]
[White "Darkknight"]
[Black "nammy"]
[Result "0-1"]
[WhiteCountry "GER"]
[BlackCountry "ENG"]
[WhiteElo "1031"]
[WhiteRD "116"]
[BlackElo "850"]
[BlackRD "55"]
[GameID "233353"]

1. e4 c5 2. Nf3 e6 3. d4 cxd4 4. Nxd4 Nc6 5. Nc3 Ne5 6. Bf4 Ng6 7. Bg3 d6 8. f4 Bd7 9. Bd3 a6 10. O-O Be7
11. e5 f6 12. a4 b5 13. axb5 fxe5 14. fxe5 dxe5
0-1

[Event "The Sound of Silence"]
[Site "SchemingMind.com"]
[Date "2010.01.02"]
[Round "-"]
[White "Darkknight"]
[Black "BigDaddy"]
[Result "0-1"]
[WhiteCountry "GER"]
[BlackCountry "AUT"]
[WhiteElo "1031"]
[WhiteRD "116"]
[BlackElo "1340"]
[BlackRD "51"]
[GameID "233354"]

1. e4 c5 2. Nf3 e6 3. d4 cxd4 4. Nxd4 Nc6 5. Nc3 Bb4 6. Bd2 Bxc3 7. Bxc3 Nf6 8. f3 e5 9. Nf5 O-O 10. Bb5 a6
11. Ba4 b5 12. Bb3 b4 13. Bd2 g6 14. Nd6 Nd4 15. Bh6 a5 16. Bxf8 Qxf8 17. c3 Qxd6 18. cxd4 exd4 19. O-O d3 20. Qd2 a4
21. Bd1 a3 22. b3 Qd4+ 23. Qf2 Qxa1
0-1

[Event "The Sound of Silence"]
[Site "SchemingMind.com"]
[Date "2010.01.02"]
[Round "-"]
[White "lame wolf"]
[Black "Darkknight"]
[Result "0-1"]
[WhiteCountry "INT"]
[BlackCountry "GER"]
[WhiteElo "1052"]
[WhiteRD "44"]
[BlackElo "1194"]
[BlackRD "141"]
[GameID "233355"]

1. e4 c5 2. Nf3 e6 3. d4 cxd4 4. Nxd4 Nc6 5. Nc3 Qb6 6. Nxc6 bxc6 7. Bd3 Bc5 8. Be3 Bxe3 9. b3 Bxf2+ 10. Kd2 Qe3#
0-1

[Event "The Sound of Silence"]
[Site "SchemingMind.com"]
[Date "2010.01.02"]
[Round "-"]
[White "agoodhobby"]
[Black "Darkknight"]
[Result "1-0"]
[WhiteCountry "USA"]
[BlackCountry "GER"]
[WhiteElo "1498"]
[WhiteRD "64"]
[BlackElo "1031"]
[BlackRD "116"]
[GameID "233356"]

1. e4 c5 2. Nf3 e6 3. d4 cxd4 4. Nxd4 Nc6 5. Nc3 Bb4 6. Nb5 Bxc3+ 7. Nxc3 Nge7 8. Bg5 Qb6 9. Rb1 Nd4 10. Bxe7 Kxe7
11. Bc4 Rd8 12. O-O d5 13. exd5
1-0

[Event "The Sound of Silence"]
[Site "SchemingMind.com"]
[Date "2010.01.02"]
[Round "-"]
[White "lemmie"]
[Black "Darkknight"]
[Result "1-0"]
[WhiteCountry "NED"]
[BlackCountry "GER"]
[WhiteElo "1633"]
[WhiteRD "49"]
[BlackElo "1031"]
[BlackRD "116"]
[GameID "233357"]

1. e4 c5 2. Nf3 e6 3. d4 cxd4 4. Nxd4 Nc6 5. Nc3 Bb4 6. Nxc6 bxc6 7. Qd4 Qa5 8. Bd2 Nf6 9. a3 Bxc3 10. Bxc3 Qd8
11. Bb4 d6 12. Bxd6 Nxe4 13. Qxg7
1-0

[Event "The Sound of Silence"]
[Site "SchemingMind.com"]
[Date "2010.01.03"]
[Round "-"]
[White "nammy"]
[Black "Darkknight"]
[Result "0-1"]
[WhiteCountry "ENG"]
[BlackCountry "GER"]
[WhiteElo "861"]
[WhiteRD "53"]
[BlackElo "1194"]
[BlackRD "141"]
[GameID "233358"]

1. e4 c5 2. Nf3 e6 3. d4 cxd4 4. Nxd4 Nc6 5. Nc3 Qa5 6. Nf3 Bb4 7. a3 Bxc3+ 8. Ke2 Bf6 9. Ke3 Nge7 10. g3 b6
11. c3 Ba6 12. Bh3 Ne5 13. Nd4 N7c6 14. b4 Nc4+ 15. Kf4 Qe5+ 16. Kf3 Nxd4+ 17. Kg4 h5#
0-1

[Event "The Sound of Silence"]
[Site "SchemingMind.com"]
[Date "2010.01.02"]
[Round "-"]
[White "BigDaddy"]
[Black "Darkknight"]
[Result "1-0"]
[WhiteCountry "AUT"]
[BlackCountry "GER"]
[WhiteElo "1336"]
[WhiteRD "50"]
[BlackElo "1194"]
[BlackRD "141"]
[GameID "233359"]

1. e4 c5 2. Nf3 e6 3. d4 cxd4 4. Nxd4 Nc6 5. Nc3 Nf6 6. Bg5 Be7 7. Bxf6 Bxf6 8. Qd2 Nxd4 9. Bd3 Qb6 10. b3 O-O
11. O-O Rd8 12. Rfe1 h6 13. e5 Be7 14. Qe3 d6 15. Qe4 dxe5 16. Qh7+
1-0